Модернизация образования на компетентностной основе: опыт и результаты внедрения образовательных стандартов нового поколения (Запись № 4769186)

Подробности
000 -МАРКЕР
контрольное поле 02049nam1a2200325 i 4500
001 - ИДЕНТИФИКАТОР ЗАПИСИ
контрольное поле RU\NLR\bibl\2080254
005 - ИДЕНТИФИКАТОР ВЕРСИИ
контрольное поле 20260407091739.0
035 ## - ДРУГИЕ СИСТЕМНЫЕ НОМЕРА
Идентификатор записи (NLR Aleph) 002072389
100 ## - ДАННЫЕ ОБЩЕЙ ОБРАБОТКИ
Данные общей обработки 20131009g20129999k y0rusy50 ca
101 0# - ЯЗЫК РЕСУРСА
Язык текста, звукозаписи и т.д. русский
102 ## - СТРАНА ПУБЛИКАЦИИ ИЛИ ПРОИЗВОДСТВА
Страна публикации Российская Федерация
105 ## - ПОЛЕ КОДИРОВАННЫХ ДАННЫХ: ТЕКСТОВЫЕ МАТЕРИАЛЫ, МОНОГРАФИЧЕСКИЕ
Кодированные данные о монографическом текстовом документе ||||z |||||
200 1# - ЗАГЛАВИЕ И СВЕДЕНИЯ ОБ ОТВЕТСТВЕННОСТИ
Основное заглавие Модернизация образования на компетентностной основе: опыт и результаты внедрения образовательных стандартов нового поколения
Сведения, относящиеся к заглавию материалы Региональной научно-практической конференции 24 января 2012 года
-- [в 3-х ч.
Первые сведения об ответственности редкол.: д.п.н., проф. Куликова С.В. и др.]
210 ## - ПУБЛИКАЦИЯ, РАСПРОСТРАНЕНИЕ И ДР.
Место издания, распространения и т.д. Волгоград
Имя издателя, распространителя и т. д. Колледж
Дата издания, распространения и т.д. 2012
215 ## - ФИЗИЧЕСКАЯ ХАРАКТЕРИСТИКА
Размеры 21
300 ## - ОБЩИЕ ПРИМЕЧАНИЯ
Текст примечания В надзаг.: М-во образования и науки Волгогр. обл., Гос. автоном. образоват. учреждение сред. проф. образования "Волгогр. социал.-пед. колледж"
463 #0 - УРОВЕНЬ ФИЗИЧЕСКОЙ ЕДИНИЦЫ
Встроенное поле 0012017433
606 1# - НАИМЕНОВАНИЕ ТЕМЫ КАК ПРЕДМЕТ
Наименование темы Образование
Формальный подзаголовок Съезды, совещания и т.п.
Тематический подзаголовок Модернизация
Системный номер авторитетной/нормативной записи 2494385
Идентификатор авторитетной/нормативной записи RU\NLR\auth\661479816
606 1# - НАИМЕНОВАНИЕ ТЕМЫ КАК ПРЕДМЕТ
Наименование темы Образование
Формальный подзаголовок Съезды, совещания и т.п.
Тематический подзаголовок Компетентностный подход
Системный номер авторитетной/нормативной записи 2506025
Идентификатор авторитетной/нормативной записи RU\NLR\auth\661485983
686 ## - ИНДЕКСЫ ДРУГИХ КЛАССИФИКАЦИЙ
Индекс Ч34(2Р)я431
686 ## - ИНДЕКСЫ ДРУГИХ КЛАССИФИКАЦИЙ
Индекс Ч312.21я431
702 #1 - ИМЯ ЛИЦА - ВТОРИЧНАЯ ОТВЕТСТВЕННОСТЬ
Код отношения Редактор
Материалы, к которым относится поле rus
Графика поля Кириллица
Начальный элемент ввода Куликова
Часть имени, кроме начального элемента ввода С. В.
Дополнения к именам, кроме дат д-р пед. наук
Расширение инициалов личного имени Светлана Вячеславовна
Идентификатор авторитетной/нормативной записи RU\NLR\auth\7728193
Системный номер авторитетной/нормативной записи 11224
712 02 - НАИМЕНОВАНИЕ ОРГАНИЗАЦИИ - ВТОРИЧНАЯ ОТВЕТСТВЕННОСТЬ
Код отношения Прочие
Начальный элемент ввода Волгоградский социально-педагогический колледж
Идентификатор авторитетной/нормативной записи RU\NLR\AUTH\8810049472
Системный номер авторитетной/нормативной записи 599068
801 #0 - ИСТОЧНИК ЗАПИСИ
Страна Российская Федерация
Организация NLR
Дата составления 20131009
Правила каталогизации RCR
801 #1 - ИСТОЧНИК ЗАПИСИ
Страна Российская Федерация
Организация NLR
Дата составления 20131009
852 ## - МЕСТОНАХОЖДЕНИЕ И ШИФР ХРАНЕНИЯ
Идентификатор организации NLR
Шифр хранения (Call Number) 2013-3/9619
942 ## - ДОПОЛНИТЕЛЬНЫЕ ЭЛЕМЕНТЫ ЗАПИСИ (АБИС)
Тип экземпляра АБИС Книга

Нет доступных экземпляров.